Bases biológicas y ecológicas de la acuicultura

-д хадгалсан:
Номзүйн дэлгэрэнгүй
Үндсэн зохиолч: Barnabé, Gilbert (Зохиогч)
Формат: Ном
Хэл сонгох:испани
Хэвлэсэн: Zaragoza Acribia 1996
Нөхцлүүд:
Шошгууд: Шошго нэмэх
Шошго байхгүй, Энэхүү баримтыг шошголох эхний хүн болох!

MARC

LEADER 00000nam a2200000 a 4500
001 UCM9248
003 CL-VaPUC
008 030417e19960000SP |||||||||||||||||spa|d
082 0 4 |a 639.3  |b BAR  |2 21 
100 0 |a Barnabé, Gilbert  |e author  |9 475666 
245 1 0 |a Bases biológicas y ecológicas de la acuicultura 
300 |a 519 p 
942 |c BK 
945 |d 20030417 00:00:00  |a vberengu 
260 |a Zaragoza  |b Acribia  |c 1996 
650 0 |a Acuicultura  |9 258883 
650 7 |a CULTIVO DE MOLUSCOS  |2 CL-VaPUC  |9 371656 
650 7 |a CULTIVO DE CRUSTACEOS  |2 CL-VaPUC  |9 475667 
650 0 |a Cultivo de peces  |9 350529 
650 7 |a PISCICULTURA  |2 CL-VaPUC  |9 259974 
583 |a last modification  |c 20030417 00:00:00  |k Rodrigo Vera 
999 |c 303574  |d 303572 
952 |0 0  |1 0  |4 0  |6 639_300000000000000_BAR_1996  |7 0  |8 CCM  |9 364979  |a BIBCUR  |b BIBCUR  |d 2019-11-21  |i 3895343  |o 639.3 BAR 1996  |p 3895343  |r 2025-04-22  |w 2019-11-21  |y BK_R  |k CIM